| 000 | 00844nam a2200193Ia 4500 | ||
|---|---|---|---|
| 001 | 6068 | ||
| 003 | GE_BSU | ||
| 008 | 181216s||||||||xx |||||||||||||| ||und|| | ||
| 040 | _cGE_BSU | ||
| 080 | _a821.353.1-31 | ||
| 100 | _aარდაზიანი, ლავრენტი | ||
| 245 | _aთხზულებანი: რომანები / ლავრენტი არდაზიანი | ||
| 245 | _cრედ. ნ. ინასარიძე; ტექსტი გამოსაცემად მოამზადა, შენიშვნები და კომენტარები დაურთო ცირა კალაძემ | ||
| 260 | _aთბილისი | ||
| 260 | _bსაბჭოთა საქართველო | ||
| 260 | _c1964 | ||
| 300 | _a370გვ. 21სმ. | ||
| 942 | _cBK | ||
| 999 |
_c39474 _d39474 |
||